The case of authority consider'd as it respects religion : ... A sermon preach'd at St. Mary's in Oxford, ... on Thursday, July 29. 1742. By Francis Webber, ...

Bibliographic Details
Main Author: Webber, Francis, 1707 or 1708-1771
Format: eBook
Language:English
Series:Eighteenth century collections online.
Online Access:Full text online

MARC

Tag First Indicator Second Indicator Subfields
LEADER 00000cam a2200000 4500
001 in00001941921
006 m | d |
007 cr |n||||||||n
008 790322s1742 enk|||| s 00| ||eng d
005 20260406220424.9
035 |a (CStRLIN)ESTCT19995 
040 |a Uk-ES  |c Uk-ES  |d Cu-RivES  |d CStRLIN  |d Thomson Gale  |d UtOrBLW 
100 1 |a Webber, Francis,  |d 1707 or 1708-1771. 
245 1 4 |a The case of authority consider'd as it respects religion :  |b ... A sermon preach'd at St. Mary's in Oxford, ... on Thursday, July 29. 1742. By Francis Webber, ... 
264 3 |a Oxford :  |b printed at the Theatre for James Fletcher; and are to be sold by J. Knapton and J. Rivington in London,  |c 1742. 
300 |a 2 unnumbered pages, 38p. ;  |c 8⁰. 
336 |a text  |b txt  |2 rdacontent 
337 |a computer  |b c  |2 rdamedia 
338 |a online resource  |b cr  |2 rdacarrier 
500 |a Reproduction of original from the British Library. 
510 4 |a English Short Title Catalog,  |c ESTCT19995. 
533 |a Electronic reproduction.  |b Farmington Hills, Mich. :  |c Thomson Gale,  |d 2003.  |n Available via the World Wide Web.  |n Access limited by licensing agreements  |7 s2003 miunns 
500 |a Electronic resource. 
830 0 |a Eighteenth century collections online. 
856 4 0 |u http://proxy.library.tamu.edu/login?url=https://galenet.galegroup.com/servlet/ECCO?c=1&stp=Author&ste=11&af=BN&ae=T019995&tiPG=1&dd=0&dc=flc&docNum=CW120610509&vrsn=1.0&srchtp=a&d4=0.33&n=10&SU=0LRF&locID=txshracd2898  |z Full text online  |t 0 
999 |a MARS 
999 f f |s 4f7352ad-c65d-3b94-8c91-85b366826625  |i 1ebcda5d-623d-30fe-a1c7-36a267ebe6ab  |t 0 
952 f f |a Texas A&M University  |b College Station  |c Electronic Resources  |s www_evans  |d Available Online  |t 0  |h No information provided 
998 f f |t 0  |l Available Online